Los supuestos conflictos entre la religión y la ciencia o sea La obra de Draper ante el tribunal del sentido común, de la razón y de la historia / (Record no. 164104)

MARC details
000 -LEADER
campo de control de longitud fija 01007nam a22002175i 4500
001 - NÚMERO DE CONTROL
campo de control 164104
003 - IDENTIFICADOR DE NÚMERO DE CONTROL
campo de control ES-MaACL
005 - FECHA Y HORA DE LA ÚLTIMA TRANSACCIÓN
campo de control 20250728111240.0
008 - DATOS DE LONGITUD FIJA--INFORMACIÓN GENERAL
campo de control de longitud fija 950206s1881 sp |||| | spa d
040 ## - FUENTE DE CATALOGACIÓN
Centro catalogador/agencia de origen CLM
100 1# - ENTRADA PRINCIPAL--NOMBRE DE PERSONA
Nombre de persona Rubió y Ors, Joaquín,
Fechas asociadas al nombre 1818-1899
9 (RLIN) 132151
245 14 - MENCIÓN DEL TÍTULO
Título Los supuestos conflictos entre la religión y la ciencia o sea La obra de Draper ante el tribunal del sentido común, de la razón y de la historia /
Mención de responsabilidad, etc. escrita por Joaquín Rubió y Ors.
260 ## - PUBLICACIÓN, DISTRIBUCIÓN, ETC.
Lugar de publicación, distribución, etc. Madrid :
Nombre del editor, distribuidor, etc. [s.n.],
Fecha de publicación, distribución, etc. 1881 (
Fabricante Tipografía Guttenberg)
300 ## - DESCRIPCIÓN FÍSICA
Extensión 499 p. ;
Dimensiones 24 cm.
500 #1 - NOTA GENERAL
Nota general Obra premiada con accessit por la Real Academia de Ciencias Morales y políticas en el Concurso Extraordinario de 1878.
600 04 - PUNTO DE ACCESO ADICIONAL DE MATERIA--NOMBRE DE PERSONA
Nombre de persona Draper, John William.
9 (RLIN) 45590
650 #7 - PUNTO DE ACCESO ADICIONAL DE MATERIA--TÉRMINO DE MATERIA
Término de materia o nombre geográfico como elemento de entrada Religión y ciencia
Fuente del encabezamiento o término embne
9 (RLIN) 16806
852 ## - LOCALIZACIÓN
Ubicación ES-MaACL
Número de control de estantería F-M-III-O (V)
Nota libre -- Enc. pasta española
condición física -- Falto de la cub. original
Nota libre -- Enc. en un vol. facticio
852 ## - LOCALIZACIÓN
Ubicación ES-MaACL
Número de control de estantería C-2311
Nota libre -- Rust.
Holdings
Estatus retirado Estado de pérdida Estado de daño No para préstamo Colección Biblioteca de origen Biblioteca actual Ubicación en estantería Fecha de adquisición Fuente de adquisición Total de préstamos Signatura topográfica completa Código de barras Visto por última vez Precio de reemplazo Tipo de ítem Koha
        Libros del s. XIX Biblioteca del Ateneo de Madrid Biblioteca del Ateneo de Madrid Sala Palomar 17/01/2008     C-2311 1171994 23/02/2023 23/02/2023 Libro impreso antiguo
        Libros del s. XIX Biblioteca del Ateneo de Madrid Biblioteca del Ateneo de Madrid Administración 17/01/2008     F-M-III-O (V) 1171993 23/02/2023 23/02/2023 Libro impreso antiguo